|
|
|
|
| LEADER |
01193cam a2200313 a 4500 |
| 008 |
081206s2009 ii b 001 0 eng |
| 010 |
|
|
|a 2009340031
|
| 020 |
|
|
|a 9788175414358
|
| 025 |
|
|
|a I-E-2009-340031; 56-05
|
| 035 |
|
|
|a (IN-NdUBS)UBS08003518
|
| 041 |
|
|
|a eng
|
| 042 |
|
|
|a lcode
|
| 043 |
|
|
|a a-------
|
| 082 |
|
|
|a 201.709 5
|
| 100 |
1 |
|
|a Clammer, J. R.
|
| 245 |
1 |
0 |
|a Diaspora and belief :
|b globalisation, religion, and identity in postcolonial Asia /
|c John Clammer.
|
| 260 |
|
|
|a Delhi :
|b Shipra Publications,
|c 2009.
|
| 300 |
|
|
|a xii, 250 p. ;
|c 22 cm.
|
| 490 |
0 |
|
|a Creative multiverse: new explorations in transformative learning and research
|
| 504 |
|
|
|a Includes bibliographical references (p. [223]-244) and index.
|
| 650 |
|
0 |
|a Religion and culture
|z Asia.
|
| 650 |
|
0 |
|a Culture and globalization
|z Asia.
|
| 650 |
|
0 |
|a Globalization
|x Religious aspects.
|
| 651 |
|
0 |
|a Asia
|x Religion.
|
| 906 |
|
|
|a 7
|b cbc
|c origode
|d 3
|e ncip
|f 20
|g y-gencatlg
|
| 942 |
|
|
|c BK
|
| 955 |
|
|
|a wd24 2009-02-10 to ASME
|
| 999 |
|
|
|c 185081
|d 185081
|
| 952 |
|
|
|0 0
|1 0
|2 ddc
|4 0
|6 201_709500000000000_CLA_D
|7 0
|9 204374
|a EDU
|b EDU
|c ST1
|d 2011-08-27
|g 0.00
|i 6546
|l 0
|o 201.7095 CLA/D
|p EDU6546
|r 2018-08-29
|t 1
|y BK
|